00629 2200217 4500001002100000005001700021008004100038020001800079035002400097040001200121082001000133090001700143100001700160245011100177250001200288260003100300300002500331650002800356850001200384990001500396YOGYA-0209000001707520090227022722.0 ind  a979-413-238-6 0010-020900000017075 aYOPDYOG a526.1 a526.1bFri I aFRICK, Heinz aIlmu ukur tanahbalat penyipat dasar alat ukur sudut pengukur jarak dan triangulasi sederhanacHeinz Frick aCet. 12 aYogyakartabKanisiusc1979 a186 hlmbilusc21 cm aPengukuran tanah - Alat aYOPDYOG a97P0091488